000 00323nam a2200121Ia 4500
005 20251222155146.0
008 251222s9999||||xx |||||||||||||| ||spa||
082 _aPED. 23/Ej.2
100 _aParke Davis (*).
245 0 _aNotas Terapeuticas Ilustradas (2 Lb)
264 _bParque Davis
942 _cLIB
999 _c39379
_d39379